Development of a chaplaincy ministry that impacts wholistic healthcare in Tamale Adventist Hospital, Ghana / (Record no. 23447)

MARC details
000 -LEADER
fixed length control field 00593nam a22001697a 4500
003 - CONTROL NUMBER IDENTIFIER
control field AUA.1
005 - DATE AND TIME OF LATEST TRANSACTION
control field 20251015094955.0
008 - FIXED-LENGTH DATA ELEMENTS--GENERAL INFORMATION
fixed length control field 220421b ||||| |||| 00| 0 eng d
040 ## - CATALOGING SOURCE
Transcribing agency JTL
100 ## - MAIN ENTRY--PERSONAL NAME
Personal name Hakim, Yakubu Ishmael
245 ## - TITLE STATEMENT
Title Development of a chaplaincy ministry that impacts wholistic healthcare in Tamale Adventist Hospital, Ghana /
Statement of responsibility, etc Yakubu Ishmael Hakim.
260 ## - PUBLICATION, DISTRIBUTION, ETC. (IMPRINT)
Date of publication, distribution, etc 2021.
300 ## - PHYSICAL DESCRIPTION
Extent xiii, 115 leaves :
Other physical details ill. ;
Dimensions 28 cm.
650 ## - SUBJECT ADDED ENTRY--TOPICAL TERM
Topical term or geographic name as entry element Chaplains, Hospital
650 ## - SUBJECT ADDED ENTRY--TOPICAL TERM
Topical term or geographic name as entry element Tamale Adventist Hospital, Ghana
General subdivision Chaplains
942 ## - ADDED ENTRY ELEMENTS (KOHA)
Source of classification or shelving scheme AUA Inhouse Classification
Koha item type Project
Classification part MChap
Item part .H35 2021
Holdings
Withdrawn status Lost status Source of classification or shelving scheme Damaged status Not for loan Collection code Home library Current library Shelving location Date acquired Source of acquisition Cost, normal purchase price Serial Enumeration / chronology Full call number Barcode Date last seen Cost, replacement price Price effective from Koha item type Total Checkouts Copy number
    Library of Congress Classification     JTL Research Collection Judith Thomas Library Judith Thomas Library Judith Thomas Library Research Section 21/04/2022 AUA Research Office 25.00 AUA25859 MChap .H35 2021 AUA25859 21/04/2022 25.00 21/04/2022 Project    
    Library of Congress Classification     JTL Research Collection Judith Thomas Library Judith Thomas Library Judith Thomas Library Research Section 02/07/2025 Theological Seminary 25.00 AUA27879 MChap .H35 2021 AUA27879 02/07/2025 25.00 02/07/2025 Project   2